[Event "Stay Safe Play From Home 307"]
[Site "Emanuel Lasker Arena"]
[Date "2020.07.16"]
[Round "4"]
[White "Buzaglo"]
[Black "Weltszmerc"]
[Result "0-1"]
[WhiteElo "2009"]
[BlackElo "2159"]
[Annotator "RC"]
[PlyCount "76"]
[EventDate "2020.07.16"]
[EventType "swiss (blitz)"]

1. d4 {[%emt 0:00:00]} Nf6 {[%emt 0:00:00]} 2. Nf3 {[%emt 0:00:00]} b6 {[%emt 0:00:00]} 3. g3 {[%emt 0:00:00]} Bb7 {[%emt 0:00:00]} 4. Bg2 {[%emt 0:00:00]} e6 {[%emt 0:00:00]} 5. O-O {[%emt 0:00:00]} Be7 {[%emt 0:00:00]} 6. Ne5 {[%emt 0:00:00]} Bxg2 {[%emt 0:00:02]} 7. Kxg2 {[%emt 0:00:00]} O-O {[%emt 0:00:01]} 8. Nf3 {[%emt 0:00:00]} d6 {[%emt 0:00:00]} 9. c4 {[%emt 0:00:00]} Nbd7 {[%emt 0:00:00]} 10. Nc3 {[%emt 0:00:00]} e5 {[%emt 0:00:00]} 11. e4 {[%emt 0:00:00]} exd4 {[%emt 0:00:01]} 12. Nxd4 {[%emt 0:00:00]} Re8 {[%emt 0:00:04]} 13. Nc6 {[%emt 0:00:00]} Qc8 {[%emt 0:00:01]} 14. Nxe7+ {[%emt 0:00:01]} Rxe7 {[%emt 0:00:00]} 15. Bg5 {[%emt 0:00:01]} Qb7 {[%emt 0:00:01]} 16. f3 {[%emt 0:00:01]} h6 {[%emt 0:00:00]} 17. Bf4 {[%emt 0:00:01]} Nc5 {[%emt 0:00:01]} 18. Nd5 {[%emt 0:00:02]} Nxd5 {[%emt 0:00:01]} 19. cxd5 {[%emt 0:00:00]} Rae8 {[%emt 0:00:01]} 20. b4 {[%emt 0:00:02]} Nd7 {[%emt 0:00:01]} 21. a4 {[%emt 0:00:01]} Ne5 {[%emt 0:00:00]} 22. Bxe5 {[%emt 0:00:02]} Rxe5 {[%emt 0:00:01]} 23. Rc1 {[%emt 0:00:00]} f5 {[%emt 0:00:01]} 24. Qc2 {[%emt 0:00:01]} fxe4 {[%emt 0:00:01]} 25. fxe4 {[%emt 0:00:00]} Rxe4 {[%emt 0:00:02]} 26. Rf2 {[%emt 0:00:03]} Qxd5 {[%emt 0:00:02]} 27. Rcf1 {[%emt 0:00:01]} Re2+ {[%emt 0:00:02]} 28. Kg1 {[%emt 0:00:04]} Rxc2 {[%emt 0:00:01]} 29. Rxc2 {[%emt 0:00:02]} Qd4+ {[%emt 0:00:01]} 30. Kg2 {[%emt 0:00:02]} Qe4+ {[%emt 0:00:02]} 31. Kh3 {[%emt 0:00:01]} Qxc2 {[%emt 0:00:01]} 32. Rf4 {[%emt 0:00:01]} Re2 {[%emt 0:00:02]} 33. a5 {[%emt 0:00:00]} Rxh2+ {[%emt 0:00:01]} 34. Kg4 {[%emt 0:00:00]} Qg6+ {[%emt 0:00:01]} 35. Kf3 {[%emt 0:00:01]} Qd3+ {[%emt 0:00:01]} 36. Kg4 {[%emt 0:00:01]} h5+ {[%emt 0:00:01]} 37. Kg5 {[%emt 0:00:02]} Kh7 {[%emt 0:00:01]} 38. g4 {[%emt 0:00:04]} Qg6# {[%emt 0:00:01] (Lag: Av=0.97s, max=1.3s)} 0-1

[Event "Stay Safe Play From Home 307"]
[Site "Emanuel Lasker Arena"]
[Date "2020.07.16"]
[Round "4"]
[White "Grazie"]
[Black "Bardellosport"]
[Result "0-1"]
[WhiteElo "1924"]
[BlackElo "1980"]
[Annotator "TA"]
[PlyCount "90"]
[EventDate "2020.07.16"]
[EventType "swiss (blitz)"]

{[%evp 9,90,23,18,7,20,-19,-8,4,6,0,8,-38,-35,-36,-33,-24,-22,-28,76,73,310,279,287,275,291,288,337,195,192,189,637,275,304,210,232,154,151,154,197,202,205,189,285,305,391,156,182,153,216,206,188,82,87,86,87,-811,-811,-836,-781,-752,-685,-1935,-1240,-1286,-1054,-1007,-937,-975,-641,-616,-556,-811,-779,-751,-786,-820,-768,-29992,-29993,-29993,-29994,-29995,-29996]} 1. d4 d6 2. c3 f5 3. g3 Nf6 4. Bg2 g6 5. Nf3 Bg7 6. Bg5 {A81: Dutch Defence: 2 g3.} O-O 7. Bxf6 Bxf6 8. Nbd2 {[#] The position is equal.} Nc6 $146 ({Predecessor:} 8... Qe8 9. e4 Nc6 10. exf5 Bxf5 11. Qb3+ Kh8 12. Qxb7 Rb8 13. Qa6 Rxb2 14. O-O e5 15. dxe5 Nxe5 16. Nxe5 Bxe5 17. Nc4 Bd3 18. Nxb2 Bxa6 {0-1 (18) Iosif,D (1796)-Sauk,P (1935) Playchess.com INT 2020}) 9. Qb3+ Kg7 10. O-O e5 {[%cal Re5d4]} 11. dxe5 dxe5 12. Rad1 Qe7 13. e4 fxe4 (13... f4 $11 {keeps the balance.}) 14. Nxe4 $16 Be6 $2 (14... Rb8 $16 {is a better defense.}) 15. Qxb7 $18 Na5 16. Qa6 Nc4 17. b3 Nd6 18. Nxd6 (18. Nxf6 $142 Qxf6 19. Nxe5 $1 {[%mdl 512]}) 18... cxd6 19. Qxd6 Qf7 $2 (19... Qxd6 20. Rxd6 Bf5) 20. c4 (20. Nxe5 $142 Qe7 21. Qxe7+ Bxe7 22. Bxa8 Rxa8 23. Rfe1) 20... Rfd8 21. Qa3 e4 22. Rxd8 Rxd8 {[#]} 23. Ne1 $1 Bf5 24. Nc2 Rd2 25. Ne3 Bb2 (25... Bd4 $142) 26. Qb4 Qd7 27. Nxf5+ $2 (27. c5 $18 Be5 28. c6) 27... gxf5 $16 28. c5 {Strongly threatening c6!} Rd4 (28... Rc2 $16 29. Bh3 Bf6 30. Qxe4 fxe4 31. Bxd7 Rxc5) 29. Qe1 Ba3 30. f3 (30. Qc3 $18 {has better winning chances. And now c6 would win.} Bb4 31. Qc1) 30... Bxc5 {aiming for ...Rd1+.} 31. Kh1 {[%cal Rf3e4]} exf3 32. Rxf3 $2 {[%mdl 8192] [#]} (32. Bxf3 $16 Be7 33. Rf2) 32... Rd1 $1 $19 {[%mdl 512]} 33. Qxd1 Qxd1+ 34. Rf1 Qe2 35. h4 Bd6 36. Kh2 Qe3 37. Rf3 Qe1 38. a4 Bb4 39. Rxf5 a5 40. Rg5+ Kf6 41. Kh3 h6 42. Rg4 {[#]} Qe6 $1 {( -> ...h5)} 43. Bf3 h5 {[%mdl 64] Pin. Black mates.} 44. Kh2 hxg4 45. Bxg4 Qxg4 {Black used his chance. Accuracy: White = 39%, Black = 50%.} 0-1

[Event "Stay Safe Play From Home 307"]
[Site "Emanuel Lasker Arena"]
[Date "2020.07.16"]
[Round "4"]
[White "Greblha"]
[Black "Scorpio New"]
[Result "0-1"]
[WhiteElo "1907"]
[BlackElo "2048"]
[Annotator "TA"]
[PlyCount "104"]
[EventDate "2020.07.16"]
[EventType "swiss (blitz)"]

{[%evp 10,103,45,26,73,28,87,64,56,47,55,4,12,-8,16,6,12,-22,-14,-23,-22,-41,-18,-29,21,3,0,0,16,-11,-12,-13,0,-23,-13,-72,-31,-41,-16,-14,-16,-35,0,0,0,0,0,0,0,0,0,0,47,0,168,0,0,0,462,442,513,464,626,614,2618,2511,3247,2675,12841,12841,29979,29980,29980,29981,29982,-1181,29982,12843,12841,12837,29989,29990,29990,29987,29987,-12840,-12839,-29987,-29988,-29988,-29989,-29989,-29990,-29999,-29995,-29999]} 1. e4 d6 2. d4 Nd7 3. Nc3 g6 4. f3 Bg7 5. Be3 c6 6. Qd2 Qc7 {B06: Modern Defence.} 7. Nge2 e5 (7... b5 $11 {keeps the balance.}) 8. dxe5 dxe5 {[#] White is slightly better.} 9. O-O-O $146 ({Predecessor:} 9. Ng3 h5 10. h4 Nf8 11. Bc4 Be6 12. Bb3 Bxb3 13. axb3 Ne6 14. Qf2 Nd4 15. O-O {½-½ (42) Skuratovich,Y (1986)-Burkov,G (2169) Rybinsk 2009}) 9... h5 10. Qd6 (10. Kb1 $14) 10... Qxd6 $11 11. Rxd6 Bf8 12. Rd2 Ngf6 13. Ng3 Bc5 14. Bxc5 Nxc5 15. Bc4 h4 16. Nf1 Be6 (16... b5 $5 {[%cal Rb5c4]} 17. Be2 Ne6 $11) 17. Bxe6 Nxe6 18. Ne3 Rd8 19. Rhd1 Rxd2 20. Rxd2 Ke7 21. Na4 b6 22. c4 (22. h3 $11 {remains equal.}) 22... Nd7 23. b3 Ndc5 24. Nxc5 Nxc5 {[%mdl 4096] Endgame KRN-KRN} 25. Kc2 Rd8 26. Ng4 {Rxd8 is the strong threat.} Rxd2+ 27. Kxd2 {KN-KN} Ke6 28. Ne3 f5 29. exf5+ gxf5 30. g3 h3 31. Nc2 e4 $2 (31... a5 $11) 32. f4 $2 (32. Nd4+ $18 Kf6 33. Nxc6) 32... Nd3 $1 33. Nd4+ {[%mdl 64] [#] Double Attack} Kd7 $2 {[%mdl 8192]} (33... Kf6 $11) 34. Nxf5 $18 Nf2 {intending ...Ng4.} 35. Ke3 Ng4+ 36. Kxe4 Nxh2 37. Ne3 b5 38. g4 bxc4 39. bxc4 Kd6 40. g5 Ke6 41. f5+ Kf7 42. Ke5 $4 {[%mdl 8192]} (42. Kf4 Kg8 43. Kg3 {[%mdl 64] Double Attack} Nf1+ 44. Nxf1 Kg7 45. Ne3 Kf8 46. Kxh3 Kf7 47. Ng4) 42... Kg7 $4 {[%mdl 8192] [#]} (42... Nf3+ $19 43. Kf4 h2 44. Kxf3 h1=Q+ 45. Kf2 Qh2+ 46. Ng2 Qe5) 43. f6+ (43. Kf4 $142 Kh8 44. Kg3 {[%mdl 64] Double Attack} Nf3 45. Kxf3 Kg8 46. Kg3 a5 47. g6 Kf8 48. f6) 43... Kf7 44. Kf5 {Threatening mate with g6+.} c5 45. g6+ Kf8 46. g7+ Kf7 47. Kg5 $4 {[%mdl 8192]} (47. Kf4 {avoids the disaster.} a5 48. Kg3 Nf3 49. Kxf3 a4 50. Nd5 h2 51. Kg2 h1=B+ 52. Kxh1) 47... Nf3+ $19 48. Kh6 h2 {[%cal Rh2h1] Black mates.} 49. g8=Q+ Kxg8 50. Kg6 h1=Q {[%csl Gg8][%cal Rh1h7]} 51. Nf5 Qg2+ 52. Kh6 Qg5# {Quite a comeback for Black. Accuracy: White = 61%, Black = 44%.} 0-1

[Event "Stay Safe Play From Home 307"]
[Site "Emanuel Lasker Arena"]
[Date "2020.07.16"]
[Round "5"]
[White "Hetou"]
[Black "Tolka"]
[Result "1-0"]
[WhiteElo "2506"]
[BlackElo "2336"]
[Annotator "TA"]
[PlyCount "87"]
[EventDate "2020.07.16"]
[EventType "swiss (blitz)"]

{[%evp 11,87,7,14,-20,32,37,35,27,155,0,0,0,0,0,0,0,0,-30,9,-27,-29,-97,-77,-160,-160,-179,-174,-191,-177,-257,-230,-346,-212,-1375,-1356,-1764,-1671,-6334,-941,-828,-677,-769,-757,-1577,-1480,-1817,-1789,-1591,-429,-1051,-468,-5879,-912,-1214,-1184,-29964,-847,-846,-843,-836,-828,-779,-755,-762,29999,282,281,273,344,273,223,0,268,194,176,175,29998,29999]} 1. g3 Nf6 2. Bg2 d5 3. Nf3 c6 4. O-O Bg4 5. d4 e6 6. Nbd2 Nbd7 7. Qe1 {[#] D02: 1 d4 d5 2 Nf3 sidelines, including 2...Nf6 3 g3 and 2...Nf6 3 Bf4.} Ne4 $146 (7... Bf5 $11) ({Predecessor:} 7... Be7 8. Ne5 Nxe5 9. dxe5 Nd7 10. e4 dxe4 11. Nc4 Nc5 12. Be3 Qd5 13. b3 O-O-O 14. Bxc5 Qxc5 15. Qxe4 {0-1 (45) Vijayalakshmi,S (2327)-Bhakti,K (2295) Sangli 2014}) 8. Nxe4 $14 dxe4 9. Nd2 {White is slightly better.} f5 (9... Nf6 $11) 10. e3 $2 (10. f3 $16 Bh5 11. fxe4) 10... Bd6 $11 11. f3 exf3 12. Nxf3 O-O 13. e4 Qb6 14. c3 Rae8 15. e5 Bxf3 16. Bxf3 (16. Rxf3 $11 {remains equal.} Nxe5 17. Re3) 16... Nxe5 $17 {[%cal Bd7e5,Be5g4,Bg4f6][%mdl 32]} 17. Bg2 (17. Bh5 $142) 17... Ng4 18. a4 a5 19. h3 Nf6 20. Bg5 (20. Kh1 $142) 20... e5 ({Don't take} 20... Qxb2 21. Rb1 $17) 21. Qf2 (21. Bxf6 $142 Rxf6 22. Rf2) 21... exd4 22. Qxf5 $2 (22. Bxf6 Rxf6 23. cxd4) 22... dxc3+ $19 23. Kh1 cxb2 24. Rae1 Rxe1 25. Rxe1 Bxg3 26. Rb1 Qb3 {Hoping for ...Nh5.} 27. Bxf6 Rxf6 28. Qg4 Be5 29. Be4 Rf8 {[#]} (29... g6 $142 30. Bg2 Rf2 31. Qc8+ Kg7 32. Qd7+ Kh6) 30. Rg1 (30. Qh5 $142 $1 {[%mdl 512]} g6 31. Qxe5 Qxh3+ 32. Kg1 Qe3+ 33. Kh1 Qh3+ 34. Kg1 Qe3+ 35. Kh1 Qh3+) 30... Qe3 (30... h6 $142 31. Re1 b5) 31. Bb1 (31. Qe6+ $142 Kh8 32. Qxe5 Qxh3+ 33. Qh2 Qxh2+ 34. Kxh2) 31... Qf4 {[%csl Ge5][%cal Rf4h2]} 32. Ba2+ Kh8 {[%csl Ge5][%cal Rf4h2]} 33. Qg2 Qf3 (33... Qc1 $142 34. Qg5 Qc3 35. Qg2 Rf3 36. Rd1 Rxh3+ 37. Kg1 Bd4+ 38. Rxd4 Qxd4+ {[%mdl 64] Double Attack} 39. Kf1 Qd1+ 40. Kf2 Qc2+ 41. Kg1 Qc1+ 42. Qf1 Rf3 {[%mdl 64] Pin} 43. Bc4 Rxf1+ 44. Kg2 b1=Q 45. Kh2 Rf2+ 46. Kh3 Qh6+ 47. Kg4 Qbg6#) 34. Qxf3 Rxf3 {[%mdl 4096] Endgame KRB-KRB} 35. Re1 Rf5 36. Bb1 Rg5 37. Rf1 h6 $4 {[%mdl 8192] [#]} (37... g6 $19 38. Rg1 Rh5) 38. h4 $2 (38. Rf8# {mates}) 38... Kg8 $18 39. hxg5 hxg5 40. Ba2+ Kh7 41. Bb1+ $2 ({White should play} 41. Kg2 $18) 41... Kh6 $2 {[%mdl 8192]} (41... Kg8 $1 $11 42. Bg6 Bd6) 42. Kg2 {Threatening mate with Rh1+.} Kh5 43. Kf3 {Intending Rh1+ and mate.} Kh4 $2 (43... g4+ $18 44. Ke4 Bf6) 44. Rh1+ {Never resign too early! Accuracy: White = 27%, Black = 50%.} 1-0

[Event "Stay Safe Play From Home 307"]
[Site "Emanuel Lasker Arena"]
[Date "2020.07.16"]
[Round "5"]
[White "Broken sword"]
[Black "AChessPlayer"]
[Result "1-0"]
[WhiteElo "2429"]
[BlackElo "2409"]
[Annotator "TA"]
[PlyCount "161"]
[EventDate "2020.07.16"]
[EventType "swiss (blitz)"]

{[%evp 10,160,16,19,29,19,45,24,46,31,33,-10,53,43,209,145,182,55,70,76,96,71,60,58,98,82,139,123,203,194,201,184,206,93,91,-3,0,-7,334,42,77,34,91,30,118,105,237,14,282,24,229,66,46,73,59,-254,6,0,77,7,12,18,18,13,78,78,73,70,90,95,1229,1202,5111,5066,4690,2847,29979,1955,29984,29974,29997,29980,29983,29980,29988,29989,29989,29990,29990,29989,29989,29990,29990,29990,29990,29987,29990,29990,29990,29989,29989,29988,29988,29989,29989,29990,29990,29991,29991,29992,29992,29992,29993,29994,29994,29992,29992,29992,29993,29993,29993,29994,29994,29992,29992,29993,29996,29994,29997,29997,29998,29998,29998,29997,29997,29996,29996,29995,29995,29995,29995,29996,29996,29996,29996,29996,29997,29998,29998,29998,29998,29999,29999]} 1. e4 d6 2. d4 Nf6 3. Nc3 Nbd7 4. Be3 e5 5. Nge2 c6 6. f3 b5 {B07: Pirc Defence: Miscellaneous Systems.} 7. a3 a5 {[#]} 8. Qd2 $146 ({Predecessor:} 8. g4 h6 9. Ng3 Qc7 10. d5 Rb8 11. b4 Bb7 12. Qd2 g6 13. Be2 h5 14. gxh5 Nxh5 15. Nxh5 Rxh5 {1-0 (29) Schaefer,M (2430)-Schmidt Schaeffer,S (2275) Germany 1993}) 8... Ba6 {White has an edge.} 9. g4 (9. d5 $5 {[%cal Rd5c6]} Qc8 10. Ng3 $14) 9... b4 10. Nb1 bxa3 (10... h6 $11) 11. Nxa3 $14 exd4 $2 (11... Qb8 $14) 12. Bxd4 c5 13. Be3 (13. Bc3 $1 $18) 13... Ne5 14. Bg2 Be7 15. O-O O-O 16. Rfd1 Qb6 17. Nc3 Rfd8 (17... h6 $142) 18. g5 $16 Nh5 (18... Ne8 $16) 19. Nd5 $18 Qb7 20. b3 g6 21. Nxe7+ (21. f4 $18 {has better winning chances.} Nc6 22. Nb1) 21... Qxe7 $16 22. h4 (22. Nb1 $16) 22... a4 $11 23. bxa4 Bc4 $2 {[%mdl 8192]} (23... Bb7 $11) 24. a5 $2 (24. f4 $18) 24... Be6 25. Bf2 h6 (25... Bh3 $14) 26. Nb5 ({Much weaker is} 26. gxh6 $6 Qf6 $11) (26. f4 $1 $16 {[%cal Rf4e5]} Bg4 27. Re1 (27. fxe5 dxe5 28. Qe1 Bxd1 $16) (27. gxh6 Nf3+ 28. Bxf3 Bxf3 $15) 27... Nf3+ 28. Bxf3 Bxf3 29. Qe3 Bxe4 30. Qxe4 Qxe4 31. Rxe4 Rxa5 32. Be1 (32. gxh6 Rda8 $16)) 26... hxg5 (26... Nc4 $11 {remains equal.} 27. Qc1 Rxa5 28. Rxa5 Nxa5) 27. Qxg5 $16 Qf8 (27... f6 $16 {keeps fighting.} 28. Qh6 Bc4) 28. Nc3 $2 ({White must play} 28. Nc7 $1 $18) 28... Nc4 $2 {[%mdl 8192]} (28... Qg7 $1 $11 {and Black is okay.}) 29. Qc1 $2 (29. f4 $1 $18) 29... Ng7 $2 (29... Rdb8 $11 {and Black has nothing to worry.}) 30. Nd5 $2 ({White has to play} 30. a6 $18) 30... Bxd5 $1 $14 31. Rxd5 Nxa5 32. Qd2 $2 {[%mdl 8192] [#]} (32. e5 $14 {keeps the upper hand.}) 32... Nc6 $2 (32... Nb3 $1 $19 {[%mdl 512]} 33. Rxa8 (33. cxb3 Rxa1+) 33... Nxd2 34. Rxd8 Qxd8 35. Rxd2 Qf6) 33. Rd1 Ne5 {[#]} (33... Ne6 $11) 34. Rxd6 (34. f4 $1 $16 {[%cal Rf4e5]} Nc4 35. Qc3) 34... Rxd6 $11 35. Qxd6 Qxd6 36. Rxd6 {With the idea Rd5.} Ne6 (36... Ra1+ $1 $11 {keeps the balance.} 37. Kh2 Ra2) 37. Rd5 $16 {White leaves nothing to chance now.} Nc4 38. Bxc5 Ra1+ 39. Kh2 Nf4 $2 {[%mdl 8192]} (39... Ra2 $16) 40. Rd8+ $18 Kh7 41. Bd4 {[%csl Gd4][%cal Rd8h8]} g5 42. Bxa1 Ne3 43. Be5 (43. Rh8+ $142 Kg6 44. Rg8+ Kh7 45. Rg7+ Kh8 46. hxg5 Nxc2 47. Be5 Nb4 48. Rxf7+ Kg8 49. Rxf4) 43... Kg6 44. Bh3 {White mates.} Nxh3 45. Kxh3 f6 46. Bd4 g4+ 47. fxg4 Nxc2 48. h5+ Kf7 49. Bc3 Ke7 50. Rd2 Ne3 51. Bb4+ Ke6 52. Re2 Nf1 53. Rf2 Ne3 54. Kg3 Nc4 55. Rf5 Ne5 56. Bc3 Nf7 57. Rxf6+ Ke7 {[#]} 58. Rxf7+ $1 Kxf7 59. Kf4 Kg8 60. e5 Kh7 61. g5 Kg8 62. Bd2 Kf8 63. Be1 Kg8 64. Kf5 Kf8 65. g6 Kg8 66. Kg5 Kf8 67. h6 Kg8 68. Bf2 Kh8 69. e6 Kg8 70. h7+ Kf8 71. h8=Q+ Ke7 72. Qf6+ Kd6 73. Bg3+ Kd5 74. Qe5+ Kc4 75. e7 Kb3 76. Qd6 Kc2 77. Qc7+ Kb1 78. e8=Q Ka2 79. Qa8+ Kb3 80. Qab8+ Ka4 81. Qca7# {Accuracy: White = 40%, Black = 25%.} 1-0

[Event "Stay Safe Play From Home 307"]
[Site "Emanuel Lasker Arena"]
[Date "2020.07.16"]
[Round "5"]
[White "Weltszmerc"]
[Black "Lazieri3"]
[Result "1/2-1/2"]
[WhiteElo "2169"]
[BlackElo "2130"]
[Annotator "TA"]
[PlyCount "53"]
[EventDate "2020.07.16"]
[EventType "swiss (blitz)"]

{[%evp 9,53,0,55,24,149,85,183,183,168,168,422,416,402,289,348,215,213,215,370,271,278,-450,0,-547,0,0,0,-285,-309,-288,-298,-300,-281,-283,0,0,0,0,0,0,0,0,0,0,0,0]} 1. d4 c6 2. c4 d5 3. Nf3 Nf6 4. g3 Bf5 5. Qb3 Qc8 (5... Qb6 $1 $11) 6. Bg2 {[#] D11: Slav Defence: 3 Nf3 sidelines and 3...Nf6 4 e3 Bg4.} b6 $146 (6... e6 $11) ({Predecessor:} 6... e6 7. Nc3 h6 8. Bf4 Be7 9. Rc1 O-O 10. O-O Rd8 11. Rfd1 dxc4 12. Qxc4 Nbd7 {½-½ (36) Predojevic,B (2615)-Drasko,M (2537) Dresden 2008}) 7. Nc3 (7. cxd5 $142 cxd5 8. Bf4) 7... Bh3 (7... e6 $16) 8. Bxh3 $18 {White is clearly better.} Qxh3 9. cxd5 g6 $2 (9... e6) 10. dxc6 Nxc6 11. Nb5 O-O-O 12. Ng5 (12. Qxf7 Kb7 $18) 12... Qg2 13. Rf1 $1 e5 $2 (13... a6 {was worth a try.}) 14. Nxf7 Bb4+ 15. Nc3 $4 {[%mdl 8192]} (15. Bd2 $18 {is the narrow road to win.} Bxd2+ 16. Kxd2 Ne4+ 17. Ke1 Qxf1+ {[%mdl 64] Decoy} 18. Kxf1 Nd2+ 19. Ke1 Nxb3 20. axb3 exd4 21. Nxa7+ (21. Nxd8 Rxd8 22. Nxa7+ {[%mdl 64] Double Attack} Kb7 $18) 21... Kb7 22. Nxc6 (22. Nxh8 Nxa7 23. Nf7 Rd7 $18) (22. Nxd8+ Nxd8 23. Nb5 Nc6 $18) 22... Kxc6 23. Kd2 (23. Nxd8+ Rxd8 24. Rc1+ Kb5 $18)) 15... exd4 $2 (15... Nxd4 $19 16. Qc4+ Kb8) 16. Qe6+ $2 {[%mdl 8192] [#]} (16. Nxh8 dxc3 17. bxc3 Nd4 $19) (16. Nxd8 $11 Rxd8 17. Qe6+ Kb7 18. Qxf6 dxc3 19. bxc3) 16... Kb7 $2 ({Black should play} 16... Rd7 $1 $19 17. a3 (17. Qxf6 $2 Re8 $19) 17... Re8 18. Qxf6 dxc3 19. axb4 Nd4 20. Qxd4 Rxd4) 17. Nxd8+ $11 Rxd8 18. Bd2 $2 {[%mdl 8192]} (18. Qxf6 $11 dxc3 19. bxc3) 18... dxc3 $19 19. bxc3 Ne4 {...Nd4! is the strong threat.} 20. cxb4 Nxd2 {[%csl Gd2][%cal Rg2f1]} 21. O-O-O {[#] White wants to play Qf7+.} Nxf1 $2 (21... Ne5 $1 $19 {aiming for ...Qe4!} 22. a3 (22. Qxe5 $2 Qc6+ 23. Qc5 bxc5 $19) 22... Qe4 23. Qe7+ (23. Rxd2 $2 Rxd2 24. Kxd2 Nf3+ {[%mdl 64] Discovered Attack} 25. exf3 Qxe6 $19) 23... Rd7 24. Qxd7+ {[%mdl 64] Remove Defender} Nxd7 25. Rxd2 Ne5) 22. Rxd8 $11 {The position is equal.} Nxd8 23. Qd7+ {[%mdl 64] Double Attack} Ka6 {Threatens to win with ...Qc6+.} 24. Qa4+ Kb7 25. Qd7+ {[%mdl 64] Double Attack} Ka6 {Strongly threatening ...Qc6+.} 26. Qa4+ Kb7 27. Qd7+ {[%mdl 64] Double Attack. Accuracy: White = 33%, Black = 15%.} 1/2-1/2

[Event "Stay Safe Play From Home 307"]
[Site "Emanuel Lasker Arena"]
[Date "2020.07.16"]
[Round "5"]
[White "Scorpio New"]
[Black "Little champs"]
[Result "1/2-1/2"]
[WhiteElo "2059"]
[BlackElo "2316"]
[Annotator "TA"]
[PlyCount "150"]
[EventDate "2020.07.16"]
[EventType "swiss (blitz)"]

{[%evp 9,150,-18,-8,-14,30,21,19,-25,22,24,14,20,16,22,41,32,69,58,58,54,90,87,100,74,89,42,50,52,53,8,178,77,150,130,123,100,206,52,114,109,194,120,289,105,106,112,86,90,103,-280,-292,-290,-292,-312,-283,-340,-325,-320,-260,-256,-253,-276,-177,-167,-165,-186,-188,-282,-147,-191,-191,-191,-91,-125,-114,-114,-114,-125,-117,-125,-125,-125,-125,-139,-125,-155,-8,-8,-8,-8,-8,-8,-8,-88,0,-8,-8,-8,-8,-8,-8,-8,-8,-37,0,-8,0,-37,-8,-8,-8,-8,-8,-54,-54,-29977,-8,-8,-8,-8,-8,-8,-8,-8,-8,-8,-8,-8,0,-8,-8,-8,-8,-8,-8,-8,-8,-8,-8,-8,-8,-8,-8]} 1. d3 d5 2. Nd2 c6 3. c3 Nf6 {[#]} 4. Qc2 $146 ({Predecessor:} 4. e4 e5 5. Ngf3 Bd6 6. Be2 O-O 7. h3 Re8 8. Qc2 a5 9. Nf1 Nbd7 10. g4 dxe4 11. dxe4 {0-1 (63) Noble,M (2241)-Moskow,E (2127) Auckland 2016}) 4... g6 5. e4 Bg7 6. Ngf3 {A00: Irregular Openings.} dxe4 7. dxe4 O-O 8. g3 Bg4 9. Bg2 Nbd7 10. h3 Bxf3 $1 11. Nxf3 Qc7 12. O-O Ne5 13. Bf4 Nfd7 14. Nd2 f6 15. a4 Rad8 16. h4 Nc5 17. b4 Ncd3 18. Bxe5 Nxe5 19. Nf3 Ng4 $2 (19... Nxf3+ $11 {and Black is okay.} 20. Bxf3 e6) 20. Qe2 (20. Qb3+ $18 Rf7 21. Nd4) 20... h5 (20... e5 $142) 21. Nd4 $16 Qc8 22. Bh3 e5 (22... Kh8 $16 {was worth a try.}) 23. Nb3 $2 (23. Qc4+ $18 Rf7 24. Ne6) 23... Qc7 (23... f5 $14) 24. Nc5 {Ne6 is the strong threat.} Qe7 (24... Qf7 $16) 25. Qc4+ (25. Qa2+ $18 Rf7 26. Rfd1) 25... Kh7 $2 (25... Qf7 $16 26. Qxf7+ Rxf7) 26. Qe6 $2 (26. Ne6 $18 {and White stays clearly on top.}) 26... Rfe8 27. Bxg4 hxg4 28. Qxg4 b6 29. Nd3 $2 {[%mdl 8192]} (29. Na6 $1 $16 {keeps the pressure on.}) 29... Rxd3 $19 30. h5 Qf7 ({Weaker is} 30... Rxc3 31. hxg6+ Kg8 32. Rfd1 $17) 31. Rfd1 Red8 32. Rxd3 Rxd3 33. Qe2 Rd7 34. hxg6+ Qxg6 35. a5 Qf7 36. axb6 axb6 37. Ra6 Rb7 $1 38. Qe3 (38. Qg4 {was called for.}) 38... Kg8 (38... Ra7 $19 39. Rxa7 Qxa7) 39. Rxb6 Rxb6 40. Qxb6 {[#]} Qd7 (40... Qc4 $1 $19 41. Qe3 Bf8) 41. Qc5 Bf8 42. Qc4+ Kg7 43. Kg2 Qd6 44. b5 cxb5 45. Qxb5 Qe6 46. Qd3 Kg6 47. Qf3 f5 (47... Qc4 $17 {And now ...Be7 would win.} 48. Qf5+ Kf7 49. Qh5+ Ke7) 48. exf5+ $11 Qxf5 49. Qc6+ Qf6 50. Qe8+ Kg7 51. Qh5 {[#]} (51. Qd7+ $11 Kg6 52. f4) 51... Qg6 (51... Qc6+ $1 $17 52. Qf3 Qc4) 52. Qf3 Be7 53. Qb7 Qe6 54. Qe4 Kf6 55. c4 Qf5 56. Qd5 Qe6 (56... e4 $5 {[%cal Rf5d5]} 57. Qc6+ Kg7 $17) 57. Qe4 Qf5 58. Qd5 Bf8 (58... e4 $5 {[%cal Rf5d5]} 59. Qc6+ Kg7 $17) 59. Qc6+ Qe6 60. Qd5 Bd6 61. Qxe6+ Kxe6 {[%mdl 4096] Endgame KB-K3P} 62. f4 $2 {[%mdl 8192]} (62. f3 $15) 62... Bc5 $2 (62... e4 {mates} 63. Kf1 Kf5 64. Ke1 Bc5 65. Ke2 Kg4 66. f5 Kxf5 67. Ke1 Kg4 68. Kd1 e3 69. Ke2 Kxg3 70. Ke1 Kf3 71. Kd1 e2+ 72. Kd2 Bf2 73. Kc2 e1=Q 74. Kb2 Qb4+ 75. Kc1 Qb3 76. Kd2 Be3+ 77. Ke1 Qb1#) 63. fxe5 {The position is equal.} Kxe5 {KB-KPP} 64. Kf3 Kd4 65. Kg4 Kxc4 {KB-KP} 66. Kf5 Kd5 67. g4 Bd4 68. g5 Bh8 69. g6 Bb2 70. Kg5 Bg7 71. Kh5 Ke6 72. Kg5 Ke5 73. Kg4 Kf6 74. Kg3 Kf5 75. Kg2 Kxg6 {What a bad dream for Black. Accuracy: White = 62%, Black = 59%.} 1/2-1/2